000 00324nam a22001457a 4500
008 210507b ||||| |||| 00| 0 eng d
020 _a9780134237473
041 _aeng
080 _a338
082 _a338
100 _a53
101 _aMEN
245 _aFundamentals of Management
_cStephen P. Robbins
942 _2udc
_cBK
999 _c57106
_d57106